[Event "GRE-chT 49th"]
[Site "Thessaloniki"]
[Date "2022.08.13"]
[Round "2"]
[White "Koutsouraki, Ariadni"]
[Black "Tsirli, Evaggelia"]
[Result "1-0"]
[WhiteElo "1451"]
[BlackElo "1468"]
[PlyCount "61"]
[EventDate "2022.08.12"]
[EventType "team-swiss"]
[EventRounds "7"]
[EventCountry "GRE"]
[SourceTitle "EXT 2024"]
[Source "ChessBase"]
[SourceDate "2023.10.10"]
[SourceVersion "1"]
[SourceVersionDate "2023.10.10"]
[SourceQuality "1"]
[WhiteTeam "Thessaloniki Aris"]
[BlackTeam "Eso Papafe Chronikon"]
[WhiteTeamCountry "GRE"]
[BlackTeamCountry "GRE"]

1. c4 Nf6 2. Nf3 e6 3. e3 d5 4. b3 Bd6 5. Bb2 Nbd7 6. Nc3 a6 7. Be2 0-0 8. 0-0 b6 9. cxd5 exd5 10. d4 Bb7 11. Rc1 Re8 12. Qc2 Qe7 13. h3 c5 14. Rfd1 b5 15. dxc5 Bxc5 16. Nd4 Rac8 17. Qb1 Nb6 18. Bf3 Bxd4 19. Rxd4 b4 20. Ne2 Rxc1+ 21. Qxc1 Rc8 22. Qd1 h6 23. Nf4 a5 24. Nh5 Nxh5 25. Bxh5 g5 26. h4 Rc6 27. Rg4 Bc8 28. Rg3 Kh7 29. Qd4 f6 30. hxg5 hxg5 31. Rxg5 1-0

[Event "GRE-chT Online Rapid op 1st"]
[Site "Tornelo INT"]
[Date "2021.02.21"]
[Round "6.17"]
[White "Mousliadis, Ippokratis"]
[Black "Tsirli, Evaggelia"]
[Result "0-1"]
[WhiteElo "1077"]
[BlackElo "1488"]
[PlyCount "96"]
[EventDate "2021.02.20"]
[EventType "team-swiss (rapid)"]
[EventRounds "9"]
[EventCountry "GRE"]
[SourceTitle "EXT 2023"]
[Source "ChessBase"]
[SourceDate "2022.10.05"]
[SourceVersion "1"]
[SourceVersionDate "2022.10.05"]
[SourceQuality "1"]

1. e4 c6 2. d4 d5 3. exd5 cxd5 4. Bd3 Nf6 5. Nf3 Bg4 6. 0-0 Nc6 7. c3 e6 8. Bg5 Be7 9. Nbd2 0-0 10. h3 Bh5 11. Qc2 Rc8 12. Bxf6 Bxf6 13. Bxh7+ Kh8 14. Qb1 g6 15. g4 Bxg4 16. hxg4 Kxh7 17. Kg2 Kg7 18. Rh1 Qd6 19. g5 Bd8 20. Rh3 Qf4 21. Qh1 Bxg5 22. Rh7+ Kf6 23. Qh3 Qf5 24. Qxf5+ gxf5 25. Rah1 Bxd2 26. Nxd2 Rg8+ 27. Kf1 Rg7 28. Rh8 Rcg8 29. R1h6+ Ke7 30. Rxg8 Rxg8 31. Nf3 a5 32. Rh5 b5 33. Ne5 Nxe5 34. dxe5 Rg4 35. Rh8 b4 36. cxb4 Rxb4 37. b3 a4 38. Rh3 axb3 39. axb3 Re4 40. Re3 Rxe3 41. fxe3 f6 42. exf6+ Kxf6 43. Kf2 Ke5 44. Kf3 d4 45. exd4+ Kxd4 46. Kf4 Kc3 47. Ke5 Kxb3 48. Kxe6 f4 0-1

[Event "GRE-chT Online Rapid op 1st"]
[Site "Tornelo INT"]
[Date "2021.02.20"]
[Round "2.20"]
[White "Tsirli, Evaggelia"]
[Black "Brokalakis Gounaris, Christos"]
[Result "1-0"]
[WhiteElo "1488"]
[BlackElo "1996"]
[PlyCount "87"]
[EventDate "2021.02.20"]
[EventType "team-swiss (rapid)"]
[EventRounds "9"]
[EventCountry "GRE"]
[SourceTitle "EXT 2023"]
[Source "ChessBase"]
[SourceDate "2022.10.05"]
[SourceVersion "1"]
[SourceVersionDate "2022.10.05"]
[SourceQuality "1"]

1. d4 Nf6 2. Nf3 e6 3. e3 d5 4. Bd3 c5 5. b3 Nc6 6. a3 Bd6 7. 0-0 0-0 8. Nbd2 b6 9. Bb2 Re8 10. Ne5 Qc7 11. f4 Bb7 12. Rc1 Rad8 13. c4 dxc4 14. bxc4 cxd4 15. exd4 Bf8 16. Ndf3 Na5 17. Ng5 Re7 18. Bc3 Nc6 19. d5 exd5 20. Ng4 Ne4 21. Nh6+ Kh8 22. Qh5 Nxg5 23. fxg5 Re4 24. Bxe4 dxe4 25. Nxf7+ Kg8 26. Nxd8 Nxd8 27. Bb2 e3 28. Qe2 Ne6 29. Kh1 Nf4 30. Rxf4 Qxf4 31. Rf1 Qe4 32. Bc1 Bc5 33. Rd1 Qe7 34. Qg4 Bd6 35. Kg1 Qe5 36. Bb2 Qe7 37. Bf6 Bxh2+ 38. Kxh2 Qc7+ 39. Kg1 gxf6 40. gxf6+ Kf8 41. Qd4 e2 42. Re1 Qg3 43. Rxe2 Qc7 44. Qe5 1-0

[Event "GRE-ch U20 Girls"]
[Site "Trikala"]
[Date "2019.05.03"]
[Round "4"]
[White "Tsirli, Evaggelia"]
[Black "Strati, Betty Anna"]
[Result "1-0"]
[WhiteElo "1426"]
[BlackElo "1714"]
[PlyCount "55"]
[EventDate "2019.04.30"]
[EventType "swiss"]
[EventRounds "7"]
[EventCountry "GRE"]
[SourceTitle "CBM 190 Extra"]
[Source "ChessBase"]
[SourceDate "2019.07.15"]
[SourceVersion "1"]
[SourceVersionDate "2019.07.15"]
[SourceQuality "1"]

1. d4 d5 2. Nf3 Nf6 3. e3 c5 4. b3 Nc6 5. Nbd2 Bg4 6. Be2 e6 7. Bb2 Bd6 8. 0-0 0-0 9. Ne5 Bxe2 10. Qxe2 Qc7 11. f4 Ne4 12. Nxe4 dxe4 13. Rad1 f6 14. Nxc6 Qxc6 15. Qc4 Rfe8 16. d5 exd5 17. Rxd5 Kh8 18. Rh5 Rad8 19. Qf7 Bf8 20. Qg6 h6 21. Rxh6+ gxh6 22. Bxf6+ Qxf6 23. Qxf6+ Bg7 24. Qf7 b5 25. Qxa7 c4 26. f5 Rf8 27. Qb6 Rb8 28. Qc6 1-0

[Event "GRE-ch U16 Girls"]
[Site "Kavala"]
[Date "2016.01.03"]
[Round "2"]
[White "Pasoglou, Ekaterini"]
[Black "Tsirli, Evaggelia"]
[Result "1-0"]
[WhiteElo "1828"]
[BlackElo "1148"]
[PlyCount "61"]
[EventDate "2016.01.02"]
[EventType "swiss"]
[EventRounds "9"]
[EventCountry "GRE"]
[SourceTitle "EXT 2024"]
[Source "ChessBase"]
[SourceDate "2023.10.10"]
[SourceVersion "1"]
[SourceVersionDate "2023.10.10"]
[SourceQuality "1"]

1. e4 e5 2. Nf3 d6 3. d4 exd4 4. Nxd4 Nf6 5. Nc3 g6 6. Bc4 Bg7 7. f3 0-0 8. Be3 Qe7 9. Qd2 Be6 10. Nxe6 fxe6 11. 0-0 Nc6 12. h3 Rad8 13. Rae1 Rd7 14. Bb3 a6 15. f4 Na5 16. f5 Nxb3 17. axb3 exf5 18. exf5 d5 19. Bg5 Qc5+ 20. Kh1 d4 21. Bxf6 Bxf6 22. Ne4 Qc6 23. fxg6 hxg6 24. Qe2 Rh7 25. Qg4 Bh4 26. Rxf8+ Kxf8 27. Rf1+ Kg7 28. Qf4 Be7 29. Ng5 Rh5 30. Qf7+ Kh6 31. Qxe7 1-0